|
|
|
|
| LEADER |
00000nas a2200000 a 4500 |
| 001 |
ssj0000699 |
| 003 |
WaSeSS |
| 005 |
20200512172242.0 |
| 006 |
m d |
| 007 |
cr n |
| 008 |
750720d19601995nyubr p s 0 a0eng c |
| 010 |
|
|
|a 59015428
|z sc 78000228
|
| 016 |
|
|
|a (AMICUS)000000087036
|
| 016 |
7 |
|
|a 011165006
|2 DE-101
|
| 016 |
7 |
|
|a 203834-1
|2 DE-600
|
| 016 |
7 |
|
|a 2065759-6
|2 DE-600
|
| 016 |
7 |
|
|a 101085137
|2 DNLM
|
| 016 |
7 |
|
|a 000260456
|2 IsJJNL
|
| 016 |
7 |
|
|a 009189400
|2 Uk
|
| 022 |
|
|
|l 0001-9836
|y 0001-9836
|
| 032 |
|
|
|a 008940
|b USPS
|
| 035 |
|
|
|a (WaSeSS)ssj0000699
|
| 037 |
|
|
|b Transaction, Inc., Rutgers, The State University, New Brunswick, N.J., 08903
|
| 040 |
|
|
|a MUL
|b eng
|c MUL
|d OCL
|d COO
|d NSD
|d DLC
|d NSD
|d DLC
|d AIP
|d NSD
|d AIP
|d NSD
|d NST
|d HUL
|d NST
|d IUL
|d HUL
|d IUL
|d OCL
|d DLC
|d NLM
|d OCLCQ
|d NYDWH
|d ZP2
|d AGL
|d OCLCQ
|d J9U
|d CNTRU
|d GBVCP
|d UKMGB
|d TXA
|d OCLCQ
|d RNP
|d OCLCF
|d IIB
|d TPA
|d OCLCO
|d WUW
|d XFH
|d NLC
|d L2U
|d OCLCQ
|d OCLCO
|d TYC
|d OCLCQ
|d CPO
|d PAU
|d OCLCQ
|d CEF
|d OCLCQ
|d HTM
|d OCLCQ
|d WaSeSS
|
| 042 |
|
|
|a nsdp
|a pcc
|
| 043 |
|
|
|a f------
|
| 050 |
0 |
0 |
|a DT1
|b .A217
|
| 070 |
0 |
|
|a 280.8
|b Af83
|
| 072 |
|
0 |
|a X700
|
| 082 |
0 |
0 |
|a 960.305
|
| 210 |
0 |
|
|a Afr. rep.
|
| 222 |
|
0 |
|a Africa report
|
| 245 |
0 |
0 |
|a Africa report
|h [electronic resource].
|
| 260 |
|
|
|a [New York] :
|b [African-American Institute]
|
| 362 |
0 |
|
|a V. 5, no. 10-v. 40, no. 3; Oct. 1960-May/June 1995.
|
| 506 |
|
|
|a License restrictions may limit access.
|
| 650 |
|
0 |
|a Periodicals.
|
| 650 |
|
7 |
|a Periodicals.
|2 fast
|0 (OCoLC)fst01058072
|
| 650 |
|
7 |
|a Politics and government
|z Africa.
|2 ltcsh
|
| 650 |
0 |
7 |
|a AFRICA.
|2 unbist
|
| 651 |
|
0 |
|a Africa
|v Periodicals.
|
| 651 |
|
7 |
|a Africa.
|2 fast
|0 (OCoLC)fst01239509
|
| 655 |
|
0 |
|a Electronic journals.
|
| 710 |
2 |
|
|a African-American Institute.
|
| 780 |
0 |
0 |
|t Africa special report
|w (DLC)sn 85021147
|w (OCoLC)1777618
|
| 850 |
|
|
|a CaMWUC
|a DLC
|a DNAL
|a IC
|a InU
|a MH
|a MnU
|a NAurW
|a NN
|a NcRS
|a NvU
|a OkU
|a ULA
|a VtU
|
| 856 |
4 |
0 |
|z Full text available from Research Library: 01/01/1992 to 05/31/1995
|u https://search.proquest.com/publication/48965
|